00847nam a2200265 a 4500001001300000003000900013005001700022008004100039020001000080082002200090100001600112245007500128260003300203300000900236500003500245505001000280650002600290650001800316700001600334902000800350942000700358952010100365952010000466999001500566nice12345678IN_TiNIC20260116011551.0050524s1871 lona grp 000 0 eng  ac10000a323.39710954bHUN aHunter, W W aIndian Musalmansb Are They Bound in Conscience to Rebel Against Queen aLondonbTrubner and Coc1871 a215p aincludes index and biblioraphy2 aIndex aBritish-India Muslims aMuslims-India1 aHunter, W W bSRS cBK 00104070aHMIbHMId0000-00-00g100.00l0o323.39710954 HUNp871r0000-00-00w2026-01-16yARB 00104070aHMIbHMId0000-00-00g100.00l0o323.39710954 HUNp891r0000-00-00w2026-01-16yEB c2648d2648